000 00308nam a22001337a 4500
008 260220b ||||| |||| 00| 0 eng d
020 _a002-800070999580
041 _aShqip
080 _a2.1
100 _a20.1
101 _aRoman
245 _aIkja nga Kompleksi i Rozafës
_cArtan Fuga
942 _2lcc
_cBK
999 _c60835
_d60835